|
|
|
|
| LEADER |
00000cac a2200000 a 4500 |
| 001 |
44891-59 |
| 003 |
Ucuenca |
| 005 |
20230722064532.0 |
| 008 |
990080|1983 ||||||||r|||||||||||spa|| |
| 020 |
|
|
|a 84-8280-159-7
|
| 040 |
|
|
|b spa
|
| 041 |
1 |
|
|a spa
|
| 082 |
0 |
|
|a 862.2
|
| 100 |
1 |
|
|a Rojas, Fernando de
|d 1465-1541
|9 222235
|
| 245 |
|
|
|a La Celestina: tragicomedia de Calisto y Melibea
|c Fernando de Rojas
|h imp
|
| 264 |
|
|
|a Bogotá
|b Oveja Negra
|c 1983
|
| 300 |
|
|
|a 215 páginas:
|c 17.5 cm
|
| 490 |
|
|
|a Historia Universal de la Literatura
|n no. 59
|
| 650 |
1 |
7 |
|a Teatro español.
|9 5687
|
| 852 |
|
|
|a UC-CDJBV
|f Compra
|l 1
|m General
|p 19900801
|q 1000,00
|r 8
|t 44891-59
|b 0
|d CDRC
|e CDRC
|g 809 TERCER PISO
|z 1990-00-80
|
| 942 |
|
|
|c CR
|2 ddc
|z paola.amaya@ucuenca.edu.ec
|
| 999 |
|
|
|c 111604
|d 111604
|